BIBLIOTECA PODER JUDICIAL
Portal Judicial TDF

La adecuación del contrato : (Registro nro. 2365)

000 -LEADER
fixed length control field 00744nam a22002297a 4500
003 - CONTROL NUMBER IDENTIFIER
control field OSt
005 - DATE AND TIME OF LATEST TRANSACTION
control field 20190220070029.0
008 - FIXED-LENGTH DATA ELEMENTS--GENERAL INFORMATION
fixed length control field 180609b xxu||||| |||| 00| 0 spa d
020 ## - INTERNATIONAL STANDARD BOOK NUMBER
International Standard Book Number 9505360606
040 ## - CATALOGING SOURCE
Transcribing agency PJ
100 ## - ASIENTO PRINCIPAL - NOMBRE DE PERSONA
9 (RLIN) 95
Personal name Morello, Augusto Mario
245 13 - MENCIÓN DE TÍTULO
Título propiamente dicho La adecuación del contrato :
Parte restante del título por las partes, por el juez, por los árbitros /
Mención de responsabilidad, etc Augusto M. Morello.
260 ## - PUBLICATION, DISTRIBUTION, ETC. (IMPRINT)
Place of publication, distribution, etc La Plata :
Name of publisher, distributor, etc Lep,
Date of publication, distribution, etc 1994.
300 ## - DESCRIPCION FISICA
Dimensions 22 cm.
Extent 154 p.
500 ## - NOTA GENERAL
General note Notas y citas bibliográficas a pie de página.
650 #0 - ASIENTO SECUNDARIO DE MATERIA - TERMINO TEMATICO
Topical term or geographic name as entry element DERECHO CIVIL
9 (RLIN) 352
650 #0 - ASIENTO SECUNDARIO DE MATERIA - TERMINO TEMATICO
Topical term or geographic name as entry element CONTRATOS
9 (RLIN) 3463
650 #0 - ASIENTO SECUNDARIO DE MATERIA - TERMINO TEMATICO
Topical term or geographic name as entry element REVISIÓN DEL CONTRATO
9 (RLIN) 3472
650 #0 - ASIENTO SECUNDARIO DE MATERIA - TERMINO TEMATICO
Topical term or geographic name as entry element TEORÍA DE LA IMPREVISIÓN
9 (RLIN) 3745
650 #0 - ASIENTO SECUNDARIO DE MATERIA - TERMINO TEMATICO
Topical term or geographic name as entry element PROCESO ARBITRAL
9 (RLIN) 2366
942 ## - ADDED ENTRY ELEMENTS (KOHA)
Source of classification or shelving scheme
Koha item type Libros
Classification part 347.42
Item part MOR
Existencias
Withdrawn status Lost status Source of classification or shelving scheme Damaged status Not for loan Permanent Location Current Location Date acquired Full call number Barcode Date last seen Price effective from Koha item type
          Biblioteca Poder Judicial Norte Biblioteca Poder Judicial Norte 2019-02-20 347.42 MOR RG 0438 2024-12-02 2019-02-20 Libros
          Biblioteca Poder Judicial Sur Biblioteca Poder Judicial Sur 2019-02-20 347.42 MOR 0954 2019-02-20 2019-02-20 Libros

12 de Octubre 789 Ushuaia - Tel:  54(02901)441571
Horario de Atención: 8.00 a 17.00 hs. 
bibliotecaush@justierradelfuego.gov.ar
koha@justierradelfuego.gov.ar
Seguinos en nuestras redes @bibliojustdf 

Con tecnología Koha